Central Library OPAC University of Rajshahi

Brain systems and psychological concepts / (Record no. 30654)

MARC details
000 -LEADER
fixed length control field 00735nam a2200241 a 4500
001 - CONTROL NUMBER
control field 30654
003 - CONTROL NUMBER IDENTIFIER
rucl marc code BD-RjUL
005 - DATE AND TIME OF LATEST TRANSACTION
control field 20211209051609.0
008 - FIXED-LENGTH DATA ELEMENTS--GENERAL INFORMATION
fixed length control field 140410s1978 enk 001 0 eng d
020 ## - INTERNATIONAL STANDARD BOOK NUMBER
International Standard Book Number 0471996017
International Standard Book Number 0471996009 (pbk)
035 ## - SYSTEM CONTROL NUMBER
System control number CURL 017844002972(Cam) from wsc038
-- (BD-RjUL)30741
040 ## - CATALOGING SOURCE
Original cataloging agency BD-RjUL
Language of cataloging eng
Transcribing agency BD-RjUL
Modifying agency BD-RjUL
041 ## - LANGUAGE CODE
Language code of text/sound track or separate title eng
082 ## - DEWEY DECIMAL CLASSIFICATION NUMBER
Classification number 612.8
Author mark and year BOB 1978
100 1# - MAIN ENTRY--PERSONAL NAME
Personal name Boddy, John.
9 (RLIN) 93133
245 10 - TITLE STATEMENT
Title Brain systems and psychological concepts /
Statement of responsibility, etc. John Boddy
260 ## - PUBLICATION, DISTRIBUTION, ETC. (IMPRINT)
Place of publication, distribution, etc. Chichester :
Name of publisher, distributor, etc. John Wiley and sons,
Date of publication, distribution, etc. 1978.
300 ## - PHYSICAL DESCRIPTION
Pagination xvi, 461 p. :
Illustrations ill. ;
Size 25 cm
504 ## - BIBLIOGRAPHY, ETC. NOTE
Bibliography, etc Includes bibliography: p.421-449 and index.
650 #0 - SUBJECT ADDED ENTRY--TOPICAL TERM
Topical term or geographic name as entry element Neuropsychology
9 (RLIN) 38437
942 ## - ADDED ENTRY ELEMENTS (KOHA)
Source of classification or shelving scheme Dewey Decimal Classification
Koha item type Books
Holdings
Lost status Source of classification or shelving scheme Damaged status Not for loan Collection code Permanent Location Current Location Shelving location Date acquired Source of acquisition Cost, normal purchase price Total Checkouts Full call number Date last seen Copy number Koha item type
  Dewey Decimal Classification     Non-fiction Central Library, University of Rajshahi Central Library, University of Rajshahi   05/01/1986 Tulip 56.40   612.8 BOB 1978 10/04/2014 C-2 Books
  Dewey Decimal Classification   Not For Loan Non-fiction Central Library, University of Rajshahi Central Library, University of Rajshahi Reading Room 05/01/1986 Tappon Rec. 56.40   612.8 BOB 1978 18/03/2017 C-1 Books